000 00572nam a2200217Ia 4500
003 OSt
005 20220928150043.0
006 a|||||r|||| 00| 0
007 ta
008 220927b |||||||| |||| 00| 0 eng d
024 _a86932
037 _cTextual
040 _aSDCL
_cSDCL
_beng
041 _2eng
_aeng
082 _aX:8:(B2895), L6
100 _aMelcher Arlyn J
245 0 _aStructure and process of organizations
_b A systems approach
260 _c1976
942 _hX:8:(B2895), L6
_cTEXL
_2CC
999 _c838954
_d838954